<?xml version="1.0" encoding="UTF-8"?><?xml-stylesheet type="text/xsl" href="static/style.xsl"?><OAI-PMH xmlns="http://www.openarchives.org/OAI/2.0/" xmlns:xsi="http://www.w3.org/2001/XMLSchema-instance" xsi:schemaLocation="http://www.openarchives.org/OAI/2.0/ http://www.openarchives.org/OAI/2.0/OAI-PMH.xsd"><responseDate>2026-06-05T12:18:31Z</responseDate><request verb="GetRecord" identifier="oai:riuma.uma.es:10630/16982" metadataPrefix="marc">https://riuma.uma.es/rest/oai/request</request><GetRecord><record><header><identifier>oai:riuma.uma.es:10630/16982</identifier><datestamp>2026-02-03T10:25:48Z</datestamp><setSpec>com_10630_1685</setSpec><setSpec>col_10630_38055</setSpec></header><metadata><record xmlns="http://www.loc.gov/MARC21/slim" xmlns:dcterms="http://purl.org/dc/terms/" xmlns:doc="http://www.lyncode.com/xoai" xmlns:xsi="http://www.w3.org/2001/XMLSchema-instance" xsi:schemaLocation="http://www.loc.gov/MARC21/slim http://www.loc.gov/standards/marcxml/schema/MARC21slim.xsd">
   <leader>00925njm 22002777a 4500</leader>
   <datafield ind2=" " ind1=" " tag="042">
      <subfield code="a">dc</subfield>
   </datafield>
   <datafield ind2=" " ind1=" " tag="720">
      <subfield code="a">Palma Genicio, Ángel</subfield>
      <subfield code="e">author</subfield>
   </datafield>
   <datafield ind2=" " ind1=" " tag="260">
      <subfield code="c">2018-11-28</subfield>
   </datafield>
   <datafield ind2=" " ind1=" " tag="520">
      <subfield code="a">Dentro del cambiante paradigma informático que impera en nuestro día a día, hay una nueva tecnología cuyo impacto en la sociedad puede llegar a ser equivalente al que en su día tuvo la World Wide Web.&#xd;
Esta tecnología es la conocida como Blockchain. Si bien el Blockchain estuvo muchos años relegado hacia un plano más secundario por su concepción de utópico, todo cambió cuando por fin se consiguió sacarlo del plano meramente teórico para conseguir una implementación netamente funcional, el Bitcoin.&#xd;
El nacimiento del Bitcoin trajo consigo una novedosa visión sobre las monedas electrónicas, lo que desembocó en un nuevo sistema de pago por internet que garantizaba la seguridad manteniendo el anonimato, lo cual sin duda supuso un hito tecnológico.&#xd;
En este trabajo se parte de esta primera implementación para después hacer un estudio sobre las criptomonedas de modo genérico y del BTC más concretamente. Así mismo se analizará el conjunto de tecnologías impactadas por Blockchain, sus usos actuales, lo que supone para la informática y lo que puede resultar de seguir la misma línea de progresión ascendente.&#xd;
Como consecuencia de todo este trabajo resultará el desarrollo de un monedero de Bitcoins para Android basado en tecnología Blockchain.</subfield>
   </datafield>
   <datafield ind1="8" ind2=" " tag="024">
      <subfield code="a">https://hdl.handle.net/10630/16982</subfield>
   </datafield>
   <datafield tag="653" ind2=" " ind1=" ">
      <subfield code="a">ANDROID (Sistema operativo de dispositivos móviles)</subfield>
   </datafield>
   <datafield tag="653" ind2=" " ind1=" ">
      <subfield code="a">Comercio electrónico</subfield>
   </datafield>
   <datafield tag="653" ind2=" " ind1=" ">
      <subfield code="a">Informática - Trabajos Fin de Grado</subfield>
   </datafield>
   <datafield tag="653" ind2=" " ind1=" ">
      <subfield code="a">Grado en Ingeniería Informática - Trabajos Fin de Grado</subfield>
   </datafield>
   <datafield ind2="0" ind1="0" tag="245">
      <subfield code="a">Monedero BTC multidireccional para Android</subfield>
   </datafield>
</record>
</metadata></record></GetRecord></OAI-PMH>